000 00470nam a2200205Ia 4500
008 210210b1953 xxu||||| |||| 00| 0 eng d
041 _aeng
082 _a423/2
100 _aBERG (Paul C)
245 _aDictionary of new words in English
260 _aLondon
_bGeorge Allen & Unwin Ltd
_c1953
650 _awords
650 _aof
650 _anew
650 _ain
650 _aEnglish
650 _aDictionary
690 _aDictionaries
906 _a005753
999 _c128754
_d128754